南武線の駅から路線バス一本で行ける駅 - Statistics

General Stats
  • This quiz has been taken 11 times
  • The average score is 68 of 130
Answer Stats
南武線の駅 行ける駅 % Correct
高幡不動
90%
日野
90%
府中
90%
溝の口
90%
武蔵溝ノ口
90%
横浜
90%
国立
80%
聖蹟桜ヶ丘
80%
調布
80%
久地 登戸
80%
新川崎
80%
立川 昭島
70%
二子玉川
70%
川崎
70%
新横浜
70%
武蔵小杉
70%
浜川崎
70%
東神奈川
70%
南多摩 | 矢野口 | 稲城長沼 稲城
60%
向ヶ丘遊園
60%
新百合ヶ丘
60%
武蔵新城
60%
綱島
60%
鶴見
60%
矢向
60%
鹿島田
60%
玉川上水
50%
矢野口
50%
南多摩
50%
読売ランド前
50%
登戸 生田
50%
久地
50%
新丸子
50%
武蔵中原
50%
尻手
50%
東中神
40%
西国分寺
40%
稲城長沼
40%
京王よみうりランド
40%
柿生
40%
宮前平
40%
高津
40%
武蔵中原 鷺沼
40%
川崎大師
40%
立飛
30%
東大和市
30%
西府 小田急永山
30%
京王永山
30%
中河原
30%
若葉台
30%
鶴川
30%
武蔵溝ノ口 梶が谷
30%
国道
30%
生麦
30%
新綱島
30%
五反田
30%
戸越
30%
中延
30%
武蔵白石
30%
羽田空港第1ターミナル
30%
羽田空港第1・第2ターミナル
30%
羽田空港第2ターミナル
30%
羽田空港第3ターミナル
30%
久米川
20%
砂川七番
20%
東村山
20%
栗平
20%
川崎 浅野
20%
天空橋
20%
西馬込
20%
馬込
20%
はるひ野
10%
淵野辺
10%
武蔵新城 高田
10%
大鳥居
10%
昭和
10%
八坂
0%
No matching quizzes found
Score Distribution
Percent of People with Each Score
Percentile by Number Answered
Your Score History
You have not taken this quiz